000 00555nam a2200169Ia 4500
008 090711s9999 xx 000 0 und d
082 _b446
100 _aभडभडे सुमन
245 _aइथे बहर भाव फुलला
260 _bमनोरमा प्रकाशन
_c2000
300 _a221
600 _aभडभडे सुमन
630 _aइथे बहर भाव फुलला
700 _aभडभडे सुमन
730 _aइथे बहर भाव फुलला
942 _cBOOK
999 _c337426
_d337426